Govt. of
Madhya Pradesh

आनन्‍दलोक (Record no. 65079)

MARC details
000 -LEADER
fixed length control field 00318nam a2200109Ia 4500
008 - FIXED-LENGTH DATA ELEMENTS--GENERAL INFORMATION
fixed length control field 221009s9999 xx 000 0 und d
082 ## - DEWEY DECIMAL CLASSIFICATION NUMBER
Classification number 891.431/KUS/P
100 ## - MAIN ENTRY--PERSONAL NAME
Personal name कुसुमाग्रज
9 (RLIN) 45128
245 #0 - TITLE STATEMENT
Title आनन्‍दलोक
260 ## - PUBLICATION, DISTRIBUTION, ETC. (IMPRINT)
Name of publisher, distributor, etc. आलोकपर्व प्रकाशन
942 ## - ADDED ENTRY ELEMENTS (KOHA)
Koha item type Books

No items available.